| 000 | 00394nam a2200157Ia 4500 | ||
|---|---|---|---|
| 003 | OSt | ||
| 005 | 20240322103729.0 | ||
| 008 | 170523s9999 xx 000 0 und d | ||
| 020 | _a978-9390113255 | ||
| 040 | _cIIMT UNIVERSITY, MEERUT | ||
| 100 | _aAPTE, P.G. | ||
| 245 | 0 | _aINTERNATIONAL FINANCIAL MANAGEMENT | |
| 260 |
_bTata McGraw Hill _aNEW DELHI _c2008 |
||
| 300 | _a696 | ||
| 942 |
_2ddc _c02 |
||
| 999 |
_c1819 _d1819 |
||